The dreams of tipu sultan bali: the sacrifice / (Record no. 164341)

MARC details
000 -LEADER
fixed length control field 00490nam a22001697a 4500
005 - DATE AND TIME OF LATEST TRANSACTION
control field 20190516130903.0
010 ## - LCCN (DPL NO)
LC control number B-088647
020 ## - INTERNATIONAL STANDARD BOOK NUMBER
International Standard Book Number 0195664760
Terms of availability 195.00
035 ## - SYSTEM CONTROL NUMBER
System control number B-088647
037 ## - SOURCE OF ACQUISITION
Source of stock number/acquisition Oxford University Press.
082 ## - DEWEY DECIMAL CLASSIFICATION NUMBER
Classification number 882
100 ## - MAIN ENTRY--PERSONAL NAME
Personal name Karnad, Girish
245 ## - TITLE STATEMENT
Title The dreams of tipu sultan bali: the sacrifice /
Statement of responsibility, etc Girish Karnad.
260 ## - PUBLICATION, DISTRIBUTION, ETC. (IMPRINT)
Place of publication, distribution, etc New Delhi
Name of publisher, distributor, etc Oxford University Press.
Date of publication, distribution, etc 2004
300 ## - PHYSICAL DESCRIPTION
Extent 125p
Dimensions 21cm (fbjk)
942 ## - ADDED ENTRY ELEMENTS (KOHA)
Source of classification or shelving scheme Dewey Decimal Classification
Item type English Books
Classification part 882
Call number suffix KAR
Holdings
Withdrawn status Lost status Not for loan Collection code Home library Current library Date acquired Full call number Barcode Koha item type
      Non-fiction Sarojini Nagar Sarojini Nagar 16/05/2019 882 KAR B-088647 English Books

© Delhi Public Library
Hit Counter
free hit counter